| 000 | 00350nam a22001577a 4500 | ||
|---|---|---|---|
| 020 | _a81-8275-318-x | ||
| 082 |
_a823 _bSHI/G |
||
| 100 | _aSHILPI | ||
| 100 | _aDEEPTI | ||
| 245 | _aTHE GIANT'S THREE GOLDEN HAIR | ||
| 260 |
_aDELHI _bMY KIDS WORLD |
||
| 300 | _a16 | ||
| 520 | _aENGLISH SHORT STORY | ||
| 650 | _aENGLISH SHORT STORY | ||
| 942 | _cBK | ||
| 999 |
_c5737 _d5737 |
||